Die Bergkapelle auf dem Allerheiligenberge bei Schlegel
| Titel: | Die Bergkapelle auf dem Allerheiligenberge bei Schlegel |
|---|---|
| Verfasser: | |
| In: |
Grofschoaftersch Häämtebärnla, Band 43 (1991), Seite 132-134 alle Artikel anzeigen |
| Veröffentlicht: | 1991 |
| Format: | Aufsatz |
| Sprache: | Deutsch |
X
alg: 39452146 001A $01999:12-11-16 001B $01999:01-06-17 $t17:51:29.000 001D $01999:12-11-16 001U $0utf8 001X $00 002@ $0Aox 003@ $0394521463 007A $0394521463 $aHEB 007T $0Herdww016970 010@ $ager 011@ $a1991 021A $aDie @Bergkapelle auf dem Allerheiligenberge bei Schlegel 028A $aHübner $dHubert 031A $d43 $h132-134 $j1991 039B $aIn $8--Abvc--. Grofschoaftersch Häämtebärnla. - Lüdenscheid : Zentralstelle Grafschaft Glatz/Schlesien e.V., 1956-[2019] $x199100000430000868 $9047864346 045T $a7,41 $a8,1 lok: 39452146 78 exp: 39452146 78 1 #EPN 201B/01 $018-11-16 $t11:52:43.000 201U/01 $0utf8 203@/01 $079063189X 208@/01 $a12-11-16 $be 209A/01 $a/ $f000 $x00 220C/01 $aTitelaufnehmer: MP 220C/01 $aHerkunft: IH UWr 244Z/01 $2Trx $#Silesia $#Śląsk $#Sliezsko $#Slezsko $8--Trx--Schlesien $x01 $9391173987 244Z/01 $2Trx $#Neurode-Schlegel Glatz $#Schlegel Neurode $#Słupiec Nowa Ruda $8--Trx--Nowa Ruda-Słupiec$gKłodzko $x02 $9391194283 244Z/01 $2Trx $#kabelid $#koplyčios $#Chapels $#kápolnák $#kaplice i kapliczki $#kaplnky $#kaple $#kapliczki $8--Trx--Kapellen $x03 $9391358731 244Z/01 $2Trx $8--Trx--Zeitschriftenaufsatz $x04 $9391384341 247C/01 $82080>Marburg/Lahn, Herder-Institut, Forschungsbibliothek, Bibliographieportal $9336309341
| LEADER | 00000caa a22000002c 4500 | ||
|---|---|---|---|
| 001 | 394521463 | ||
| 003 | DE-603 | ||
| 005 | 20170601175129.0 | ||
| 007 | tu | ||
| 008 | 161112s1991 xx |||| | u00||u|ger c | ||
| 035 | |a (DE-599)HEB394521463 | ||
| 040 | |a DE-603 |b ger |c DE-603 |d DE-603 | ||
| 041 | |a ger | ||
| 084 | |a 7,41 |a 8,1 |2 ssgn | ||
| 100 | 1 | |a Hübner, Hubert | |
| 245 | 0 | 0 | |a Die Bergkapelle auf dem Allerheiligenberge bei Schlegel |
| 264 | 0 | |c 1991 | |
| 773 | 0 | 8 | |i In |t Grofschoaftersch Häämtebärnla |d Lüdenscheid : Zentralstelle Grafschaft Glatz/Schlesien e.V., 1956-[2019] |g Band 43 (1991), Seite 132-134 |w (DE-603)047864346 |w (DE-600)558553-3 |
| 924 | 0 | |9 2080 |a (DE-603)79063189X |b DE-2080 |c HES |d d |g / | |


